Generalized Tate cohomology

Αποθηκεύτηκε σε:
Λεπτομέρειες βιβλιογραφικής εγγραφής
Κύριος συγγραφέας: Greenlees, John Patrick Cambell 1959-
Άλλοι συγγραφείς: May, J. Peter
Μορφή: Βιβλίο
Γλώσσα:English
Δημοσίευση: Providence, R.I. : American Mathematical Society, 1995
Σειρά:Memoirs of the American Mathematical Society ; ; 543
Θέματα:
Ετικέτες: Προσθήκη ετικέτας
Δεν υπάρχουν, Καταχωρήστε ετικέτα πρώτοι!

MARC

LEADER 00000nam a2200000 i 4500
001 1/91265
008 991015s1995 eng d
020 |a 0-8218-2603-4 
035 |l 10053509 
040 |a GR-MY-UA  |b gre  |e aacr 
041 0 |a eng 
082 0 |a 514.23 
100 1 |a Greenlees, John Patrick Cambell  |d 1959- 
245 1 0 |a Generalized Tate cohomology /  |c J.P.C. Greenlees, J.P. May 
260 |a Providence, R.I. :   |b American Mathematical Society,   |c 1995 
300 |a viii, 178 p.;  |b ill.;  |c 26 cm. 
490 1 |a Memoirs of the American Mathematical Society  |v ; 543 
500 |a "January 1995, volume 113, number 543 (third of 4 numbers)" 
500 |a Includes bibliographical references 
650 0 0 |a Homology theory. 
700 1 |a May, J. Peter. 
830 0 |a Memoirs of the American Mathematical Society ;  |v ; 543 
852 |a INST  |b SAMOS  |e 19991015  |h 514.23 GRE  |p 005300012458  |q 005300012458  |t BK  |y 0 
901 |a BIBL3-1999-3 
909 |a Σ  |b 063310 
922 |a 3ΕΛΗ  |b 199907  |c ΕΠΕΑΕΚ/ΜΑΘ  |d ΠΑΠΑΣΩΤΗΡΙΟΥ 
970 |a ΠΟΥΡΝΑΡΑΣ  |b ΔΗΜΗΤΡΗΣ  |z 1999/10/15